How well do Unown ? - Click Quiz - Statistics

General Stats
  • This quiz has been taken 642 times
  • The average score is 21 of 28
Answer Stats
Hint Answer % Correct
A
82%
E
81%
D
81%
N
81%
X
81%
!
81%
K
81%
?
81%
L
79%
F
79%
T
79%
I
78%
H
78%
J
77%
C
77%
M
77%
S
75%
O
75%
Y
74%
R
74%
W
73%
B
72%
U
70%
P
69%
V
60%
Z
57%
Q
52%
G
41%
No matching quizzes found
Score Distribution
Percent of People with Each Score
Percentile by Number Answered
Your Score History
You have not taken this quiz